Histoire de la réforme française / (Record no. 142728)

MARC details
000 -LEADER
campo de control de longitud fija 00595nam a2200181 i 4500
001 - NÚMERO DE CONTROL
campo de control 142728
003 - IDENTIFICADOR DE NÚMERO DE CONTROL
campo de control ES-MaACL
005 - FECHA Y HORA DE LA ÚLTIMA TRANSACCIÓN
campo de control 20230906200616.0
007 - CAMPO FIJO DE DESCRIPCIÓN FÍSICA--INFORMACIÓN GENERAL
campo de control de longitud fija t|
008 - DATOS DE LONGITUD FIJA--INFORMACIÓN GENERAL
campo de control de longitud fija 071009m19261934fr ||||1| fre d
100 1# - ENTRADA PRINCIPAL--NOMBRE DE PERSONA
Nombre de persona Viénot, John.
9 (RLIN) 114584
245 10 - MENCIÓN DEL TÍTULO
Título Histoire de la réforme française /
Mención de responsabilidad, etc. John Viénot.
260 ## - PUBLICACIÓN, DISTRIBUCIÓN, ETC.
Lugar de publicación, distribución, etc. Paris :
Nombre del editor, distribuidor, etc. Librairie Fischbacher,
Fecha de publicación, distribución, etc. 1926-1934.
300 ## - DESCRIPCIÓN FÍSICA
Extensión 2 v. :
Otras características físicas il. ;
Dimensiones 24 cm.
505 8# - NOTA DE CONTENIDO CON FORMATO
Nota de contenido con formato Contiene: t.1. Des origenes á l'édit de Nantes. - t.2. De l'édit de Nantes á sa révocation
650 #4 - PUNTO DE ACCESO ADICIONAL DE MATERIA--TÉRMINO DE MATERIA
Término de materia o nombre geográfico como elemento de entrada Reforma-
Subdivisión geográfica Francia.
9 (RLIN) 164387
852 ## - LOCALIZACIÓN
Ubicación ES-MaACL
Número de control de estantería A-2780-81
Holdings
Estatus retirado Estado de pérdida Estado de daño No para préstamo Biblioteca de origen Biblioteca actual Ubicación en estantería Fecha de adquisición Fuente de adquisición Total de préstamos Signatura topográfica completa Código de barras Visto por última vez Precio de reemplazo Tipo de ítem Koha
        Biblioteca del Ateneo de Madrid Biblioteca del Ateneo de Madrid Sala Pecera Planta 1 17/01/2008     A-2780-81 1148507 23/02/2023 23/02/2023 Libro impreso